Bytový dom
Gespeichert in:
| 1. Verfasser: | |
|---|---|
| Weitere Verfasser: | |
| Format: | Manuskript Buch |
| Sprache: | Slowakisch |
| Veröffentlicht: |
2025
|
| Schlagworte: | |
| Online-Zugang: | http://is.stuba.sk/zp/portal_zp.pl?podrobnosti=185804 CRZP |
| Tags: |
Keine Tags, Fügen Sie das erste Tag hinzu!
|
MARC
| LEADER | 00000ntm a22000003a 4500 | ||
|---|---|---|---|
| 001 | stuzp105387 | ||
| 003 | SK-STU | ||
| 005 | 20250717160803.8 | ||
| 007 | ta | ||
| 008 | 150427s2015----xo-----f-mn---000-0-slo-d | ||
| 040 | |a STU |b slo | ||
| 041 | 0 | |a slo | |
| 100 | 1 | |a Beke, Ákos |u 010270 |4 aut |U SvF Stavebná fakulta |T SvF Katedra technológie stavieb |X 121036 |U V270 |Y 28 |7 121036 | |
| 242 | 0 | 1 | |a Residential house |y eng |
| 245 | 1 | 0 | |a Bytový dom |
| 260 | |c 2025 | ||
| 650 | 4 | |a technologický predpis pre realizáciu sadrokartónových priečok a predsadených stien |2 slo | |
| 650 | 4 | |a projekt organizácie výstavby bytového domu |2 slo | |
| 650 | 4 | |a Bytový dom |2 slo | |
| 650 | 4 | |a Residential house |2 eng | |
| 650 | 4 | |a construction organization plan |2 eng | |
| 650 | 4 | |a drywall partitions and pre-wall structures |2 eng | |
| 700 | 1 | |a Bisták, Andrej |u 901131 |k Z7 |4 ths |U Rektorát STU |T Útvar práce s verejnosťou |X 66824 |U 901131 |Y 299 |7 A000066824 | |
| 856 | 4 | |u http://is.stuba.sk/zp/portal_zp.pl?podrobnosti=185804 | |
| 856 | 4 | |u https://opac.crzp.sk/?fn=detailBiblioForm&sid=EE8AF2E76B4BE2A868AAC693824A |z CRZP | |